000 00888nam a2200229 a 4500
001 72382
003 BD-RjUL
005 20211209082244.0
008 170517r19651942enkabf b 001 0 eng
035 _a(BD-RjUL)72599
040 _aDLC
_cDLC
_dDLC
_dBD-RjUL
_beng
041 _aeng
082 0 0 _223
_a916.696
_bNAB 1965
100 1 _aNadel, S. F.
_q(Siegfried Frederick),
_d1903-1956.
_9214065
245 1 2 _aA black Byzantium :
_bthe kingdom of Nupe in Nigeria /
_cby S. F. Nadel ; with a foreword by Right Hon. Lord Lugard.
260 _aLondon ;
_aNew York :
_bPub. for the International Institute of African languages & cultures by the Oxford university press,
_c1942 [reprinted 1965].
300 _axiv, 420 p. ;
_bill. ;
_c23 cm.
504 _aBibliographical foot-notes. Bibliography: p. 404.
651 0 _aNupe.
_9214066
651 0 _aNigeria
_xCivilization.
_9214067
942 _2ddc
_cBK
999 _c72382
_d72382